000 00506nam a2200181Ia 4500
005 20250508153050.0
008 008 250505s9999 xx 000 0 eng d
037 _aTextual
040 _aFEDL
_beng
_cFEDL
041 _aeng
_2eng
084 _a155.4, HOM
_qFEDL
245 0 _aAdvances in understanding the child
260 _aLondon
_bHome and School Council of Great Britain
300 _a75p
650 _aChild psychology
942 _cTEXL
_h155.4, HOM
999 _c1340481
_d1340481